Terytoria zależne Wielkiej Brytanii - Statystyki

Ogólne statystyki
  • Ten quiz został rozwiązany 89 razy
  • Średni wynik to 8 z 18
Statystyki odpowiedzi
Państwo Terytorium % Poprawnych
Wielka Brytania Gibraltar
74%
Wielka Brytania Jersey
62%
Wielka Brytania Brytyjskie Wyspy Dziewicze
57%
Wielka Brytania Falklandy
57%
Wielka Brytania Guernsey
57%
Wielka Brytania Bermudy
55%
Wielka Brytania Kajmany
52%
Wielka Brytania Montserrat
43%
Wielka Brytania Turks i Caicos
43%
Wielka Brytania Wyspa Świętej Heleny
43%
Wielka Brytania Anguilla
40%
Wielka Brytania Pitcairn
40%
Wielka Brytania Wyspa Man
38%
Wielka Brytania Brytyjskie Terytorium Oceanu Indyjskiego
31%
Wielka Brytania Akrotiri
19%
Wielka Brytania Brytyjskie Terytorium Antarktyczne
17%
Wielka Brytania Dhekelia
17%
Wielka Brytania Georgia Południowa i Sandwich Południowy
14%
Nie znaleziono quizów pasujących do podanych kryteriów
Rozkład punktacji
Procent ludzi z każdym wynikiem
Percentyl według liczby udzielonych odpowiedzi
Twoja historia wyników
Nie rozwiązałeś tego quizu